| 000 | 00969nas a2200337 4500 | ||
|---|---|---|---|
| 001 | BR0101666 | ||
| 003 | BR-BrBNA | ||
| 005 | 20231205102152.0 | ||
| 007 | ta | ||
| 008 | 230509b bl.|||p| |||| 00| 00por d | ||
| 040 |
_aBR-BrBNA _bpor _cBiblioteca Nacional de Agricultura |
||
| 041 | _a(Pt) | ||
| 072 | _aF02 | ||
| 100 | 1 | _aSilva, G.D. da | |
| 100 | 1 | _aRuggiero, C. | |
| 100 | 1 | _aPerecin, D. | |
| 100 | 1 | _aGoes, A. de | |
| 100 | 1 | _aNatale, W. | |
| 245 | 1 | _aPropagacao da bananeira (Musa spp.)atraves da eliminacao da gema apical do rizoma obtida em primeira brotacao | |
| 650 | _aBanana | ||
| 650 | _aGema | ||
| 650 | _aPropagacao Vegetativa | ||
| 650 | _aBrotacao | ||
| 650 | _aRizoma | ||
| 650 | _aVariedade | ||
| 650 | _aMuda | ||
| 650 | _aSao Paulo | ||
| 773 | 0 |
_tRevista Brasileira de Fruticultura (Brazil) _xISSN 0100-2945 _g(Dec 2000), v. 22(3) p. 416-420 _wBR0101666 |
|
| 909 |
_a202311 _bLúcia _c55 _dLúcia Elande |
||
| 942 |
_2AGRIS _n0 _cANA |
||
| 999 |
_c166108 _d166108 |
||